Water Cycle Enquiry 2 Case Studies - Statistics

General Stats
  • This quiz has been taken 0 times
  • The average score is 0 of 41
Answer Stats
Hint Answer % Correct
Effects 100000 unemployed farmers
0%
Effects 13 deaths
0%
Millenium drought 1996-2009
0%
Effects £3.2 billion
0%
details... 40% Australia's produce
0%
Management £4.5 million new flood defences
0%
Effects 48000 homes affected
0%
Exposure to flood risk 80%
0%
Flood case study 2 Bangladesh
0%
Causes Budget cuts on flood defences
0%
Human causes Deforestation
0%
Management Desalination plants
0%
Upton Upon Severn Difficult for rescue services to access affected areas and vulnerable people
0%
Criticisms Difficult to pay for and maintain
0%
Causes Double the average rainfall
0%
Causes El Nino events 1997 2001 2006
0%
Long term responses (2) Embankments, dams
0%
Long term responses (2) Flood warning
0%
Short term responses Food aid
0%
Management Grey water recycling
0%
Causes Higher temperatures increase evaporation
0%
Natural causes Himalayan meltwater twice a year
0%
Effects Increased crop prices
0%
Management Lack of government intervention criticised
0%
Natural causes Low lying flood plains and deltas
0%
Causes Low pressure systems
0%
Natural causes Major rivers
0%
Drought case study Millenium drought
0%
Worst hit area Murray-Darling basin
0%
Causes Naturally low rainfall due to high pressure belt
0%
Causes Over-abstraction
0%
Causes Polar jet stream unusually south
0%
Long term responses (2) Raised food shelters
0%
Effects Reduced crop yields
0%
Effects Rice yields fell to 2% of pre drought levels
0%
Flood case study 1 Rivers Severn and Thames 2007
0%
Effects Sheep fell by 7 million between 2002-2003
0%
Millenium drought South-East Australia
0%
Human causes Urbanisation
0%
Upton Upon Severn Waterfront business closed for months
0%
Short term responses Water purification tablets
0%
No matching quizzes found
Score Distribution
Percent of People with Each Score
Percentile by Number Answered
Your Score History
You have not taken this quiz